Jazyková politika a výučba jazykov v kontexte EÚ
Ovládanie cudzích jazykov v členských štátoch Európskej únie, problematika jazykovej politiky EÚ. Do popredia sa čoraz viac dostáva viacjazyčnosť. Výsledky dotazníka uskutočneného na Ekonomickej univerzite v Bratislave, ktorý bol zameraný na získanie informácií týkajúcich sa skúseností a názorov štu...
Salvato in:
| Autore principale: | |
|---|---|
| Natura: | Capitolo di libro |
| Lingua: | slovacco |
| Soggetti: | |
| Tags: |
Nessun Tag, puoi essere il primo ad aggiungerne!!
|
MARC
| LEADER | 00000nla$a2200000$$$4500 | ||
|---|---|---|---|
| 001 | 0092231 | ||
| 005 | 20240502072030.0 | ||
| 041 | 0 | |a slo | |
| 044 | |a SK | ||
| 245 | 1 | 0 | |a Jazyková politika a výučba jazykov v kontexte EÚ |c Terézia Ondrušová |
| 520 | |a Ovládanie cudzích jazykov v členských štátoch Európskej únie, problematika jazykovej politiky EÚ. Do popredia sa čoraz viac dostáva viacjazyčnosť. Výsledky dotazníka uskutočneného na Ekonomickej univerzite v Bratislave, ktorý bol zameraný na získanie informácií týkajúcich sa skúseností a názorov študentov EU študujúcich popri zamestnaní - ich úroveň a potreba ovládania cudzích jazykov, ich záujem o štúdium cudzích jazykov na EU. | ||
| 610 | 2 | 0 | |a jazyky cudzie |
| 610 | 2 | 0 | |a výučba vedecká |
| 610 | 2 | 0 | |a politika |
| 610 | 2 | 0 | |a Európska únia |
| 610 | 2 | 0 | |a Ekonomická univerzita v Bratislave |
| 100 | 1 | |a Ondrušová, Terézia, 1978- | |